000 00297nam a2200133Ia 4500
100 _aBhattacharyya/ A.
942 _cBK
654 _aCutting
245 _aMetal Cutting Theory & Practice
260 _bCentral Book Pub.
_aCalcutta
_c1984
082 _a671.5
300 _a657
546 _aENGLISH
999 _c24670
_d24670